|
|
|
|
| LEADER |
00000nab a2200000 a 4500 |
| 001 |
vtls000103191 |
| 003 |
SK-MaSNL |
| 005 |
20260303200845.0 |
| 008 |
131029c1981 xo 0 slo |
| 015 |
|
|
|a SNBRB19rr/mm-uuuuu
|
| 035 |
|
|
|a CL0113294
|
| 040 |
|
|
|a SNKBUCL
|b slo
|c SNKBUCL
|e AACR2
|
| 041 |
0 |
|
|a slo
|
| 044 |
|
|
|a xo
|c SK
|
| 080 |
|
|
|a 82:061.7:885.4
|2 1981
|
| 080 |
|
|
|a 061.7
|2 1981
|
| 080 |
|
|
|a 885.4
|2 1981
|
| 080 |
|
|
|a 82
|2 1981
|
| 080 |
|
|
|a 08
|2 1981
|
| 080 |
|
|
|a 929 Puškáš, Jozef
|2 1981
|
| 245 |
0 |
0 |
|a Sviatok novej knihy
|
| 600 |
1 |
7 |
|a Puškáš, Jozef,
|d 1951-
|2 snkbucl
|9 100431
|
| 610 |
2 |
7 |
|a Vydavateľstvo Smena
|2 snkbucl
|9 57552
|
| 650 |
0 |
7 |
|a slovenské vydavateľstvá
|2 snkbucl
|9 837926
|
| 650 |
0 |
7 |
|a literárne ceny
|2 snkbucl
|9 72846
|
| 650 |
0 |
7 |
|a Cena Rudolfa Jašíka
|2 snkbucl
|9 927201
|
| 655 |
|
7 |
|a články z novín a časopisov
|2 snkbucl
|9 267496
|
| 655 |
|
7 |
|a články z odboru literárna veda a krásna literatúra
|2 snkbucl
|9 770045
|
| 655 |
|
7 |
|a poznámky
|2 snkbucl
|9 285558
|
| 773 |
0 |
|
|t Slovenské pohľady
|g Roč. 97, č. 8 (1981), s. 156
|
| 850 |
|
|
|a Slovenská národná knižnica v Martine
|a MTA001
|
| 852 |
|
|
|a SNK
|b KIS3GCP
|
| 954 |
|
|
|a odborná, vedecká literatúra pôvodná (slovenská)
|2 lita
|
| 958 |
|
|
|a RK
|
| 958 |
|
|
|a LX
|
| 992 |
|
|
|a RBX
|
| 999 |
|
|
|c 2170155
|d 2172085
|